Villes du monde en "bourg" - Statistiques

Statistiques générales
  • Ce quiz a été pris 61 fois
  • Le résultat moyen est 7 sur 16
Réponses sur la Carte
Les réponses sont colorées sur une échelle allant du rouge au vert en fonction du pourcentage des utilisateurs qui les ont devinées à leur premier essai. Vous pouvez retrouver ces pourcentages ci-dessous.
 
Statistiques - réponses
Ville % Correct
Hambourg
83%
Saint-Petersbourg
74%
Bourg-en-Bresse
72%
Johannesbourg
66%
Edimbourg
64%
Luxembourg
60%
Salzbourg
55%
Bourges
50%
Fribourg
48%
Göteborg
43%
Iekaterinbourg
36%
Pittsburgh
33%
Duisbourg
12%
Greensboro
9%
Harrisburg
7%
Peterborough
5%
Aucun quiz correspondant
Distribution des résultats
% des personnes avec chaque résultat
Percentile par nombre de réponses
Votre historique - résultats
Vous n’avez pas pris ce quiz